Transforming higher education : views from the leaders around the world
Saved in:
| Other Authors: | |
|---|---|
| Format: | Book |
| Language: | English |
| Published: |
Phoenix :
American Council on Education, Oryx Press,
1997
|
| Series: | American Council on Education/Praeger series on higher education
|
| Subjects: | |
| Tags: |
Add Tag
No Tags, Be the first to tag this record!
|
MARC
| LEADER | 00000nam a2200000 i 4500 | ||
|---|---|---|---|
| 001 | 1/84009 | ||
| 008 | 990621s1997 eng d | ||
| 020 | |a 0-89774-891-3 | ||
| 035 | |l 10051501 | ||
| 040 | |a GR-MY-UA |b gre |e aacr | ||
| 041 | 0 | |a eng | |
| 082 | 0 | |a 378 | |
| 245 | 1 | 0 | |a Transforming higher education : |b views from the leaders around the world / |c edited by Madeleine F. Green |
| 260 | |a Phoenix : |b American Council on Education, |b Oryx Press, |c 1997 | ||
| 300 | |a 339 p. | ||
| 490 | 1 | |a American Council on Education/Oryx Press series on higher education | |
| 650 | 0 | 0 | |a Education, Higher |x Aims and objectives |x Cross-cultural studies. |
| 650 | 0 | 0 | |a Universities and colleges |x Administration |x Cross-cultural studies. |
| 650 | 0 | 0 | |a Educational change |x Cross-cultural studies. |
| 700 | 1 | |a Green, Madeleine F. |4 edt | |
| 830 | 0 | |a American Council on Education/Praeger series on higher education | |
| 852 | |a INST |b RHODES |e 19990621 |h 378 TRA |p 005400014757 |q 005400014757 |t BK |y 0 | ||
| 901 | |a BIBL4-1999-2 | ||
| 909 | |a Ρ |b 066143 |c 1999 | ||
| 922 | |a 4ΕΛΗ |b 199906 |c ΚΠΣ/154 |d LEADER | ||
| 970 | |a ΚΟΥΛΙΑΚΙΩΤΗ |b ΕΥΑΓΓΕΛΙΑ |z 19990621 | ||